Presadzovanie národných záujmov na pôde Svetovej obchodnej organizácie

Možnosť presadzovania národných záujmov prostredníctvom rokovaní na pôde Svetovej obchodnej organizácie (WTO). Tzv. zelené miestnosti - osobitosť ministerských rokovaní. Presadzovanie záujmov členmi organizácie. Analýza typov skupín, ktoré členovia WTO vytvárajú.

Saved in:
Bibliographic Details
Main Author: Silná, Zuzana
Format: Book Chapter
Language:Slovak
Subjects:
Tags: Add Tag
No Tags, Be the first to tag this record!

MARC

LEADER 00000nla$a2200000$$$4500
001 0100205
005 20240711105432.6
041 0 |a slo 
044 |a SK 
245 1 0 |a Presadzovanie národných záujmov na pôde Svetovej obchodnej organizácie  |c Zuzana Silná 
520 |a Možnosť presadzovania národných záujmov prostredníctvom rokovaní na pôde Svetovej obchodnej organizácie (WTO). Tzv. zelené miestnosti - osobitosť ministerských rokovaní. Presadzovanie záujmov členmi organizácie. Analýza typov skupín, ktoré členovia WTO vytvárajú. 
610 2 0 |a organizácie medzinárodné 
610 2 0 |a spolupráca medzinárodná 
610 2 0 |a rozhodovanie 
610 2 0 |a skupiny záujmové 
610 2 0 |a rokovania obchodné 
100 1 |a Silná, Zuzana